[Event "SAIF POWERTEC 45th BAN Ch 2019"]
[Site "Dhaka"]
[Date "2019.11.05"]
[Round "3.10"]
[White "Md Emdadul, Haque"]
[Black "Md., Sharif Hossain"]
[Result "0-1"]
[WhiteElo "2070"]
[BlackElo "2148"]
[Annotator "TA"]
[PlyCount "132"]
[EventDate "2019.11.05"]
[EventCountry "BAN"]
[SourceTitle "playchess.com"]
[Source "ChessBase"]
[SourceQuality "1"]

{[%evp 9,132,0,19,4,26,0,0,-15,-6,-51,-41,-58,-25,-34,-20,-38,-37,-40,-22,-27,10,-5,-8,-8,-8,-10,-16,-90,-18,-20,-15,-114,-77,-68,-72,-121,-110,-131,-79,-111,-113,-351,-328,-407,-402,-595,-580,-608,-598,-609,-421,-411,-419,-459,-202,-199,-203,-210,-202,-203,-208,-212,-193,-287,-281,-416,-450,-545,-316,-373,-357,-271,-160,-170,-179,-318,-300,-372,-336,-608,-580,-521,-500,-500,-500,-666,-487,-676,-587,-1137,-1138,-1135,-1128,-1120,-1108,-1109,-1101,-1101,-1087,-1060,-1053,-1087,-991,-1717,-1639,-1567,-1425,-1128,-1035,-1015,-979,-3984,-4254,-2600,-2446,-2591,-1871,-6131,-2815,-29983,-29984,-29984,-29985,-29985,-29986]} 1. d4 d5 2. Nf3 Nf6 3. e3 e6 4. Bd3 Nbd7 5. c4 b6 (5... dxc4 6. Bxc4 a6 7. O-O b5 8. Be2 Bb7 9. a4 c6 10. Nbd2 Be7 11. Nb3 b4 12. a5 c5 {½-½ (12) Rychagov,A (2529)-Pashikian,A (2603) Paleochora 2018}) 6. Nc3 {D30: Queen's Gambit Declined: Systems without Nc3} Bb7 7. b3 Bb4 8. Bd2 {The position is equal.} O-O 9. Qc2 c5 10. a3 $146 ({Predecessor:} 10. O-O dxc4 11. bxc4 cxd4 12. exd4 Bxf3 13. gxf3 Rc8 14. Bg5 Bxc3 15. Qxc3 Qc7 {0-1 (58) Schilly,H (1773)-Schmidt,M (1608) Berlin 2017}) 10... Bxc3 11. Bxc3 Rc8 12. Qe2 dxc4 13. bxc4 Ne4 14. Bb2 Ng5 15. Nxg5 Qxg5 16. f3 cxd4 17. exd4 e5 $36 {[%mdl 2048] Black has good play.} 18. dxe5 (18. d5 $11 {keeps the balance.}) 18... Qh4+ (18... Rfe8 $17 {[%cal Rd7e5]} 19. O-O Nxe5 20. Bxe5 Rxe5) 19. g3 $11 Qh3 20. Kf2 (20. O-O-O $11) 20... Rfe8 {[%mdl 1024] Black has strong compensation.} 21. Rae1 Nc5 22. Qf1 Qh5 23. Re3 {[#]} f6 $1 {[%mdl 512]} 24. h4 (24. exf6 Rxe3) 24... fxe5 25. g4 $2 (25. Be2 $17 {was called for.}) 25... Qf7 $19 {White must now prevent ...Rcd8.} 26. Bf5 Rcd8 27. Bxe5 (27. Qe2 {might work better.} e4 28. Rd1) 27... g6 28. Rg1 Rd2+ ({Stronger than} 28... gxf5 29. gxf5+ Kf8 30. Bg7+ Qxg7 31. Rxe8+ Rxe8 32. Rxg7 $11) 29. Re2 Rxe2+ ({And not} 29... gxf5 30. Rxd2 f4 31. Bc3 $11) 30. Qxe2 Qe7 {[%mdl 64] Double Attack} ({Don't blunder} 30... gxf5 $2 31. gxf5+ Qg6 32. fxg6 $18) 31. h5 Qxe5 (31... Qh4+ $142 32. Kf1 Qh3+ {[%mdl 64] Double Attack} 33. Qg2 Qxg2+ 34. Rxg2 Rxe5 35. hxg6 hxg6 36. Bxg6 Bxf3) 32. Qxe5 Rxe5 33. hxg6 hxg6 34. Bxg6 Ne6 {And now ...Nf4 would win.} 35. Rd1 {[#]} Ra5 $1 36. Rd7 (36. Rd3 {is a better defense.}) 36... Nc5 37. Rf7 (37. Rc7 $142) 37... Rxa3 38. f4 Bf3 39. g5 Ne4+ 40. Bxe4 {Hoping for Bg6.} Bxe4 {[%mdl 4096] Endgame KRB-KR} ({Better is} 40... Kxf7 $19 41. Bxf3 a5 42. Bd5+ Kg7) 41. Re7 $17 Bd3 42. Kf3 (42. Rc7 $142) 42... Bxc4+ 43. Kg4 Kf8 44. Re5 $2 (44. Rc7 Bd3 45. Rc6) 44... Ra5 {aiming for ...Rxe5.} 45. Re3 Bf7 46. f5 Ra4+ 47. Kh3 Bh5 48. Re6 Kg8 49. Kh2 Rh4+ 50. Kg3 Rg4+ 51. Kf3 Rxg5+ 52. Kf4 Rg4+ 53. Ke5 Rc4 54. Re7 a5 55. Rb7 Rc6 56. f6 Bf7 57. Ra7 Bb3 58. Ra8+ Kf7 59. Ra7+ Ke8 60. Rh7 Re6+ 61. Kd4 Rxf6 62. Kc3 Bf7 63. Kb2 Rf2+ 64. Ka1 Ra2+ {Black mates.} 65. Kb1 Bg6+ 66. Kxa2 Bxh7 {Accuracy: White = 19%, Black = 75%.} 0-1

[Event "SAIF POWERTEC 45th BAN Ch 2019"]
[Site "Dhaka"]
[Date "2019.11.05"]
[Round "3.11"]
[White "Rahman, Syed Mahfuzur"]
[Black "Manon, Reja Neer"]
[Result "1-0"]
[WhiteElo "2158"]
[BlackElo "1829"]
[Annotator "TA"]
[PlyCount "71"]
[EventDate "2019.11.05"]
[EventCountry "BAN"]
[SourceTitle "playchess.com"]
[Source "ChessBase"]
[SourceQuality "1"]

{[%evp 14,71,63,56,64,42,63,57,66,55,104,88,120,95,92,10,2,4,26,0,69,69,72,85,75,72,108,115,119,110,153,112,116,97,121,130,151,157,159,182,161,132,152,148,143,139,143,126,217,220,220,215,249,224,428,407,559,547,787,777]} 1. d4 Nf6 2. c4 g6 3. Nc3 Bg7 4. Nf3 c6 5. e4 d6 6. Be2 O-O 7. O-O Nbd7 8. Bg5 Qc7 {E91: King's Indian: Classical: 6 Be2, unusual replies including 6...c5 and 6...Bg4} (8... e5 9. Qd2 Re8 10. d5 Nc5 11. Qc2 a5 12. Rfd1 Qc7 13. Nd2 h6 14. Be3 Ng4 15. Bxg4 Bxg4 16. f3 Bd7 17. a3 Na6 18. Rab1 {½-½ (85) Ni,H (2671)-Petrosian,T (2601) Riadh 2017}) 9. Qd2 Re8 10. Rfd1 a6 {White is slightly better.} 11. Rac1 Nb6 $146 ({Predecessor:} 11... Rb8 12. b4 Nf8 13. h3 e5 14. d5 c5 15. bxc5 Qxc5 16. Bd3 {1-0 (52) Lopez Gracia,F (2336)-Campo Millan,D (2091) Aragon 2012}) 12. h3 e5 13. dxe5 dxe5 14. Qd6 ({Better is} 14. c5 $16 Nbd7 15. Be3) 14... Qxd6 $11 15. Rxd6 Be6 16. b3 Nh5 (16... Nbd7 $11) 17. Be3 $36 {[%mdl 2048] White has some pressure.} Nc8 18. Rd2 Nf4 19. Bf1 h6 20. Na4 g5 21. Rcd1 Bf6 22. Ne1 Be7 23. Kh2 Rb8 24. Nc5 Kg7 25. g3 Bxc5 26. Bxc5 Ng6 27. Rd8 Rxd8 28. Rxd8 b6 29. Bd6 $1 {[%cal Rd6b8]} Rb7 30. c5 bxc5 (30... a5 $16) 31. Bxc5 $18 a5 32. Ba6 Rc7 33. Nd3 f6 $2 (33... Rd7 {keeps fighting.} 34. Rxc8 Rxd3) 34. Be3 Nce7 35. Bb6 {[%mdl 64] [#] Double Attack} Rd7 36. Nc5 {[%mdl 64] Double Attack. Accuracy: White = 72%, Black = 35%.} 1-0

[Event "SAIF POWERTEC 45th BAN Ch 2019"]
[Site "Dhaka"]
[Date "2019.11.05"]
[Round "3.12"]
[White "Mohammad, Javed"]
[Black "Chowdhury, Sohel"]
[Result "1-0"]
[WhiteElo "2130"]
[BlackElo "2096"]
[Annotator "TA"]
[PlyCount "151"]
[EventDate "2019.11.05"]
[EventCountry "BAN"]
[SourceTitle "playchess.com"]
[Source "ChessBase"]
[SourceQuality "1"]

{[%evp 26,153,0,-17,-12,-43,0,0,77,0,91,0,1,0,0,0,7,7,8,7,12,9,12,0,40,35,61,-12,35,0,0,0,0,0,0,0,0,0,0,0,0,0,128,151,173,164,168,66,91,83,39,0,0,0,89,95,164,172,294,285,268,146,121,0,328,318,538,526,565,201,554,561,562,562,728,734,701,693,627,609,1160,964,12840,633,897,810,819,804,1169,690,955,986,865,0,0,0,0,0,0,0,0,0,0,0,0,0,12841,12842,12842,12843,12843,12843,12845,12846,12846,12847,12851,27997,27998,27998,27999,27999,27994,27999,27998,27999,27998,27999,27995,27999]} 1. e4 c6 2. d4 d5 3. Nd2 dxe4 4. Nxe4 Bf5 5. Ng3 Bg6 6. h4 h6 7. Nf3 Nd7 8. h5 Bh7 9. Bd3 Bxd3 10. Qxd3 e6 11. Bd2 Ngf6 12. O-O-O Be7 13. Kb1 O-O 14. Qe2 Qb6 {B19: Classical Caro-Kann: 4...Bf5 main line} (14... c5 15. d5 Nxd5 16. Ne4 Qb6 17. g4 N7f6 18. g5 Nxe4 19. Qxe4 c4 20. Qxc4 hxg5 21. Ne5 Rac8 22. Qe2 {1-0 (41) Stefansson,H (2585)-Granda Zuniga,J (2636) Khanty-Mansiysk 2010}) 15. c4 a5 16. Ne5 c5 $146 (16... Rfd8 $11) ({Predecessor:} 16... a4 17. Bc1 Rfd8 18. f4 c5 19. Nxd7 Rxd7 20. dxc5 Qxc5 21. Rxd7 Nxd7 {½-½ (49) Dhananjay,S (2224)-Mohammad,N (2418) Rajahmundry 2016}) 17. Bc3 ({White should try} 17. Nf5 $1 $16 {[%cal Rf5e7]} exf5 18. Nxd7 {[%mdl 64] Discovered Attack} Nxd7 19. Qxe7) 17... Rfd8 (17... cxd4 $11 {remains equal.} 18. Bxd4 Nc5) 18. Nxd7 (18. d5 $16) 18... Rxd7 $11 19. d5 exd5 20. cxd5 Bf8 21. Qf3 Rad8 $1 {[%cal Rf6d5]} 22. Bxf6 Qxf6 23. Qxf6 gxf6 24. Ne4 Kg7 25. Rh3 Bd6 $1 26. b3 (26. Rb3 $14) 26... b6 (26... f5 $5 {[%cal Rf5e4]} 27. Nxd6 Rxd6 $11) 27. Rhd3 f5 28. Nd2 b5 29. a4 $36 {[%mdl 2048] White has the initiative.} bxa4 30. bxa4 Rb8+ 31. Rb3 Rdb7 $1 {[%cal Rb7b3]} 32. Kc2 Rb4 33. Rdb1 Kf6 (33... Rc8 $1 $11) 34. Rxb4 $1 $16 cxb4 {[%mdl 4096] Endgame KRB-KRN} 35. Nc4 $1 {[%cal Rc4d6]} Bc7 36. Rb3 (36. d6 $18 Bb6 37. Nxb6 Rxb6 38. Rd1 Rc6+ 39. Kb2) 36... Re8 37. d6 Bd8 38. Rd3 Re2+ 39. Rd2 Re4 (39... Rxd2+ $11 40. Kxd2 f4) 40. Kb3 Ke6 (40... f4 $16) 41. d7 $18 Ke7 (41... Re1 $142 42. Rd6+ Ke7) 42. Nd6 Re5 43. Nc8+ (43. f4 $18 Re3+ 44. Kc4 Rc3+ 45. Kb5) 43... Kf6 $16 44. Nd6 $2 (44. g3 $16) 44... Ke7 $1 $18 45. f4 Rc5 $2 (45... Re3+ {was worth a try.} 46. Kc4 Rc3+ 47. Kb5 Rc7) 46. Nc8+ Kf6 {[#]} 47. Rd6+ $1 Kg7 48. Na7 Rc3+ 49. Kb2 Rg3 50. Nc6 Rxg2+ 51. Kb3 Rg3+ 52. Kc4 Rc3+ 53. Kb5 b3 54. Rd2 (54. Nxd8 $142 b2 {[#]} 55. Ne6+ $1 {[%mdl 512]} Kh7 56. d8=Q b1=Q+ 57. Kxa5) 54... Rc2 55. Rd3 b2 56. Rb3 Rd2 57. Nxd8 Rxd7 58. Rxb2 Rxd8 {KR-KR} 59. Rg2+ $2 (59. Kxa5 $18 {aiming for Rb6.} Kf6 60. Rb6+ Ke7 61. Kb5 (61. Rxh6 Rd4 $16)) 59... Kf6 $11 60. Kxa5 Rd5+ $1 61. Kb6 {And now Rc2 would win.} Rd4 62. a5 {[%cal Ba4a5,Ba5a6,Ba6a7][%mdl 32] Rf2 is the strong threat.} Rb4+ 63. Kc5 Rxf4 64. Ra2 {Threatens to win with a6.} Re4 $1 65. a6 {Hoping for a7.} Re8 $2 {[%mdl 8192]} (65... Re5+ $11 66. Kc6 Re6+ 67. Kd5 Re5+ 68. Kc4 Re8) 66. a7 $18 Ra8 67. Kb6 Kg5 68. Kb7 Rxa7+ 69. Rxa7 {KR-K3P} f4 70. Kc6 Kxh5 71. Rxf7 {KR-KPP} Kg4 {White mates.} 72. Kd5 h5 73. Ke4 h4 74. Rg7+ Kh3 75. Kf3 Kh2 {[#]} 76. Kxf4 {Played: Rg7-h7} 1-0

[Event "SAIF POWERTEC 45th BAN Ch 2019"]
[Site "Dhaka"]
[Date "2019.11.04"]
[Round "3.13"]
[White "Jamal Uddin"]
[Black "Anata, Choudhury"]
[Result "0-1"]
[WhiteElo "2069"]
[BlackElo "2159"]
[Annotator "TA"]
[PlyCount "42"]
[EventDate "2019.11.02"]
[EventType "swiss"]
[EventRounds "10"]
[EventCountry "BAN"]
[SourceTitle "playchess.com"]
[Source "ChessBase"]
[SourceQuality "1"]

{[%evp 21,60,20,9,12,38,-17,-8,-101,-126,-137,-127,-113,-114,-210,-192,-207,-206,-406,-408,-452,-445,-437,-297,-937,-928,-1147,-1089,-1756,-1196,-29984,-29985,-29995,-29985,-5318,-885,-862,-842,-1204,-1149,-2450,-2695]} 1. d4 Nf6 2. c4 g6 3. Nc3 d5 4. Nf3 Bg7 5. Bg5 Ne4 6. cxd5 Nxg5 7. Nxg5 O-O 8. Nf3 c6 9. dxc6 Nxc6 10. e3 e5 11. d5 e4 12. Nxe4 {D91: Grünfeld: 4 Nf3 Bg7 5 Bg5} (12. dxc6 Qxd1+ 13. Rxd1 exf3 14. gxf3 bxc6 15. Na4 Be6 16. b3 Rfd8 17. Ba6 Bf8 18. Ke2 Kg7 19. Bb7 Rab8 20. Bxc6 {1-0 (58) Popov,V (2532)-Kobo,O (2494) St Petersburg 2018}) 12... Nb4 13. Bc4 (13. Qd2 $14 Nxd5 14. Rd1) 13... Bf5 $11 14. Nfd2 $146 (14. Qd2 $11) ({Predecessor:} 14. Qd2 Qb6 15. Ng3 Nc2+ 16. Ke2 Nxa1 17. Nxf5 gxf5 18. Rxa1 Rfd8 19. Rd1 Qxb2 20. Qxb2 Bxb2 {½-½ (50) Vasyliv,S (2142)-Vestby Ellingsen,M (2409) Oslo 2018}) 14... Rc8 $17 {And now ...Bxe4 would win.} 15. Qb3 {[#]} b5 $1 {[%cal Bb7b5,Bb5c4][%mdl 32] Hoping for ...Bxe4.} 16. Qxb4 Bxe4 17. O-O {[#]} ({But not} 17. Qxb5 $6 Rb8 $11) (17. f3 $17 Bxf3 18. Nxf3 bxc4 19. O-O) 17... Bxg2 $1 $19 ({Less strong is} 17... Rxc4 18. Qxb5 Qg5 19. g3 $11) 18. Kxg2 bxc4 19. Qb5 $2 {[#]} (19. Rad1 {keeps fighting.} Qxd5+ 20. f3) 19... a6 $1 {[%mdl 512]} 20. Qxa6 Qxd5+ ({Don't do} 20... Qg5+ 21. Kh3 $19) 21. Nf3 Rfe8 {Played: Qd5-e4} 0-1

[Event "SAIF POWERTEC 45th BAN Ch 2019"]
[Site "Dhaka"]
[Date "2019.11.04"]
[Round "3.14"]
[White "Hossain, Delwar"]
[Black "Hossain, Monir"]
[Result "1-0"]
[WhiteElo "2080"]
[BlackElo "2050"]
[Annotator "NA RC"]
[PlyCount "117"]
[EventDate "2019.11.02"]
[EventType "swiss"]
[EventRounds "10"]
[EventCountry "BAN"]
[SourceTitle "playchess.com"]
[Source "ChessBase"]
[SourceQuality "1"]
[TimeControl "40/5400+30:1800+30"]

1. e4 c5 2. Nf3 e6 3. c3 d5 4. e5 Nc6 5. d4 Qb6 6. Bd3 Bd7 7. dxc5 Bxc5 8. O-O Nh6 9. h3 O-O-O 10. b4 Be7 11. a4 Qc7 12. Bf4 f6 13. Re1 fxe5 14. Nxe5 Bd6 15. Nxc6 Qxc6 16. Be3 Kb8 17. b5 Qc8 18. Qb3 Nf7 19. Nd2 Ne5 20. Bf1 Nf7 21. a5 Bc5 22. Bd4 e5 23. Bxe5+ Nxe5 24. Rxe5 Rhf8 25. Nf3 Qc7 26. Qxd5 Bd6 27. Rg5 Bc6 28. b6 Qe7 29. bxa7+ Ka8 30. Qb3 Bxf3 31. Rb5 Bc6 32. a6 Rd7 33. axb7+ Rxb7 34. Rxb7 Qxb7 35. Qc4 Bd5 36. Qd4 Rd8 37. Ra6 Bc7 38. Qh4 Bc6 39. Ra1 Bb6 40. Re1 Bd5 41. Re7 Qc6 42. c4 Bg8 43. Be2 Rf8 44. Bf3 Rxf3 45. gxf3 Bxa7 46. Rxg7 Bxc4 47. Qf4 Bb8 48. Qd4 Bc7 49. Qe4 Bd5 50. Qg4 Be6 51. Rxc7 Qxc7 52. Qxe6 Kb7 53. Kg2 Qg7+ 54. Qg4 Qh8 55. h4 Kc7 56. h5 h6 57. Qg6 Kd7 58. f4 Ke7 59. Qe4+ 1-0

[Event "SAIF POWERTEC 45th BAN Ch 2019"]
[Site "Dhaka"]
[Date "2019.11.04"]
[Round "3.15"]
[White "Hamid, Rani"]
[Black "Zia, Tahsin Tajwar"]
[Result "0-1"]
[WhiteElo "1916"]
[BlackElo "2058"]
[Annotator "NA RC"]
[PlyCount "48"]
[EventDate "2019.11.02"]
[EventType "swiss"]
[EventRounds "10"]
[EventCountry "BAN"]
[SourceTitle "playchess.com"]
[Source "ChessBase"]
[SourceQuality "1"]
[TimeControl "40/5400+30:1800+30"]

1. e4 c5 2. Nf3 d6 3. d4 cxd4 4. Nxd4 Nf6 5. Nc3 Nc6 6. Be2 e5 7. Nb3 Be7 8. Bg5 O-O 9. O-O a5 10. a4 Be6 11. Bxf6 Bxf6 12. Nd5 Bg5 13. Kh1 Ne7 14. Qd3 f5 15. Nxe7+ Qxe7 16. Rad1 Rad8 17. exf5 Bxf5 18. Qd5+ Kh8 19. Bd3 Be6 20. Qe4 g6 21. Nxa5 Bf4 22. Qb4 Bg4 23. Rc1 Qh4 24. h3 Bf3 0-1

[Event "SAIF POWERTEC 45th BAN Ch 2019"]
[Site "Dhaka"]
[Date "2019.11.05"]
[Round "4.1"]
[White "Reefat, Bin-Sattar"]
[Black "Murshed, Niaz"]
[Result "0-1"]
[WhiteElo "2417"]
[BlackElo "2413"]
[Annotator "TA"]
[PlyCount "76"]
[EventDate "2019.11.05"]
[EventCountry "BAN"]
[SourceTitle "playchess.com"]
[Source "ChessBase"]
[SourceQuality "1"]

{[%evp 20,76,5,4,25,11,11,0,20,14,25,11,28,0,0,0,12,0,68,53,145,135,137,128,135,108,104,127,202,118,1121,1137,1014,0,0,0,0,-235,-92,-115,-68,-117,-126,-466,-380,-1133,-1061,-1031,-974,-1603,-996,-1477,-1433,-1379,-1182,-1037,-1037,-914,-879]} 1. e4 e6 2. d4 d5 3. e5 c5 4. c3 Nc6 5. Nf3 Qb6 6. a3 Nh6 7. b4 cxd4 8. cxd4 Nf5 9. Be3 Bd7 10. Bd3 Nxe3 11. fxe3 Rc8 {C02: French: Advance Variation} 12. O-O Be7 13. Qe1 O-O {The position is equal.} (13... f6 14. exf6 Bxf6 15. Kh1 a5 16. b5 Ne7 17. Nc3 O-O 18. Na4 Qd6 19. Qxa5 {1-0 (33) McShane,L (2644)-Howell,D (2702) Llandudno 2017}) 14. Nc3 f5 15. exf6 Bxf6 {[%cal Rc6d4]} 16. Kh1 Ne7 17. Rc1 a5 $146 ({Predecessor:} 17... g6 18. Qg3 Qc7 19. Qxc7 Rxc7 20. Ne4 dxe4 21. Rxc7 exf3 22. Rxd7 fxg2+ 23. Kxg2 Nd5 24. Rf3 {1-0 (24) Yoos,J (2291)-Milat,M (2242) Vancouver 1999}) 18. b5 g6 (18... Be8 $11) 19. Qg3 $1 $14 Nf5 (19... Rce8 $14) 20. Bxf5 $1 $16 exf5 21. Nxd5 Qxb5 {[#]} 22. Qd6 $1 Rxc1 23. Rxc1 Bg7 {[#]} (23... Bd8 $16 {keeps fighting.}) 24. h4 (24. Ng5 $1 $18 {Hoping for Ne7+.} f4 25. a4 (25. exf4 Kh8 $16) (25. Nxf4 Qxg5 26. Qxd7 Qf5 $16)) 24... Kh8 $2 {[%mdl 8192]} (24... Bc6 $16 25. Ne7+ Kh8) 25. Rc7 $18 Bc6 26. Rxg7 $2 (26. Qe7 $18 {[%csl Gc7][%cal Re7g7]} Rg8 27. Nf6) 26... Kxg7 $11 27. Qe5+ Kh6 28. Qe7 $2 (28. Qf4+ $1 $11 {and White is okay.} Kg7 29. Qe5+ Kh6 30. Qf4+ Kg7 31. Qe5+) 28... Qxd5 (28... Bxd5 $19 {is more deadly.} 29. Qxf8+ Kh5) 29. Qxf8+ $17 Kh5 30. Qf6 {[%csl Gf3,Gh4][%cal Rf6g5]} h6 31. Kg1 $2 {[%mdl 8192]} (31. Qe5 $17 {is a better chance.}) 31... b5 $19 32. Kf2 $2 (32. Qe5 b4 33. axb4 axb4 34. Qxd5 Bxd5 35. Ne5) 32... b4 {Black is clearly winning.} 33. axb4 axb4 {[%cal Ba5b4,Bb4b3][%mdl 32]} 34. Qe7 b3 {White must now prevent ...b2.} 35. Qb4 Qb5 36. Qxb5 Bxb5 37. Nd2 b2 38. Kf3 Bc6+ {Accuracy: White = 42%, Black = 32%.} 0-1

[Event "SAIF POWERTEC 45th BAN Ch 2019"]
[Site "Dhaka"]
[Date "2019.11.05"]
[Round "4.4"]
[White "Mehdi Hasan Parag"]
[Black "Mohammed Abdul, Malek"]
[Result "1/2-1/2"]
[WhiteElo "2181"]
[BlackElo "2168"]
[Annotator "ChessBase"]
[PlyCount "134"]
[EventDate "2019.11.05"]
[EventCountry "BAN"]
[SourceTitle "playchess.com"]
[Source "ChessBase"]
[SourceQuality "1"]
[TimeControl "40/5400+30:1800+30"]

1. e4 {[%emt 0:00:14]} e5 {[%emt 0:00:00]} 2. Nf3 {[%emt 0:00:06]} Nc6 {[%emt 0:00:00]} 3. Bb5 {[%emt 0:00:14]} a6 {[%emt 0:00:04]} 4. Ba4 {[%emt 0:00:07]} Nf6 {[%emt 0:00:22]} 5. O-O {[%emt 0:00:16]} Be7 {[%emt 0:00:57]} 6. Re1 {[%emt 0:00:07]} b5 {[%emt 0:00:33]} 7. Bb3 {[%emt 0:00:03]} d6 {[%emt 0:00:08]} 8. c3 {[%emt 0:00:20]} O-O {[%emt 0:00:21]} 9. h3 {[%emt 0:00:04]} Na5 {[%emt 0:01:26]} 10. Bc2 {[%emt 0:00:09]} c5 {[%emt 0:00:06]} 11. d4 {[%emt 0:00:09]} Qc7 {[%emt 0:00:06]} 12. Nbd2 {[%emt 0:00:56]} cxd4 {[%emt 0:00:07]} 13. cxd4 {[%emt 0:00:06]} Nc6 {[%emt 0:00:06]} 14. Nb3 {[%emt 0:00:16]} a5 {[%emt 0:06:15]} 15. Be3 {[%emt 0:00:23]} a4 {[%emt 0:00:42]} 16. Nbd2 {[%emt 0:00:19]} Nb4 {[%emt 0:00:47]} 17. Bb1 {[%emt 0:01:40]} Bd7 {[%emt 0:04:02]} 18. a3 {[%emt 0:00:38]} Nc6 {[%emt 0:01:35]} 19. Bd3 {[%emt 0:02:10]} Na5 {[%emt 0:01:50]} 20. Qe2 {[%emt 0:02:07]} Qb8 {[%emt 0:03:43]} 21. Rac1 {[%emt 0:00:34]} Re8 {[%emt 0:00:33]} 22. Rc2 {[%emt 0:06:59]} Bd8 {[%emt 0:01:11]} 23. dxe5 dxe5 {[%emt 0:00:20]} 24. Bc5 {[%emt 0:04:43]} Nh5 {[%emt 0:06:43]} 25. g3 {[%emt 0:05:36]} Ra6 {[%emt 0:01:48]} 26. Nh2 {[%emt 0:06:45]} Nf6 {[%emt 0:04:12]} 27. Kg2 {[%emt 0:03:19]} Be7 {[%emt 0:00:52]} 28. Rec1 {[%emt 0:04:39]} Bxc5 {[%emt 0:08:09]} 29. Rxc5 {[%emt 0:02:36]} Rb6 {[%emt 0:00:04]} 30. Nhf3 {[%emt 0:03:24]} Nb7 {[%emt 0:04:43]} 31. R5c2 {[%emt 0:03:55]} Nd8 {[%emt 0:09:58]} 32. Qe3 {[%emt 0:02:47]} Nh5 {[%emt 0:05:50]} 33. Rc7 {[%emt 0:12:28]} Bc6 {[%emt 0:06:00]} 34. Rc8 {[%emt 0:02:14]} Qxc8 {[%emt 0:15:35]} 35. Qxb6 {[%emt 0:00:29]} Qd7 {[%emt 0:00:11]} 36. Qe3 {[%emt 0:01:47]} f6 {[%emt 0:02:02]} 37. Bb1 {[%emt 0:05:18]} Ne6 {[%emt 0:02:03]} 38. Ba2 {[%emt 0:01:29]} Kh8 {[%emt 0:00:05]} 39. Bxe6 {[%emt 0:00:19]} Rxe6 {[%emt 0:01:28]} 40. Nb1 {[%emt 0:00:00]} Rd6 {[%emt 0:00:00]} 41. Nc3 {[%emt 0:05:16]} g5 {[%emt 0:03:20]} 42. Qc5 {[%emt 0:04:24]} Kg7 {[%emt 0:04:19]} 43. Re1 {[%emt 0:04:15]} Kg6 {[%emt 0:01:53]} 44. Re2 {[%emt 0:08:30]} Ng7 {[%emt 0:00:38]} 45. Rd2 {[%emt 0:01:10]} Rxd2 {[%emt 0:00:39]} 46. Nxd2 {[%emt 0:00:01]} Ne6 {[%emt 0:00:13]} 47. Qb6 {[%emt 0:04:51]} h5 {[%emt 0:03:36]} 48. Nf1 {[%emt 0:07:16]} h4 {[%emt 0:00:43]} 49. Qb8 {[%emt 0:00:47]} Kh7 {[%emt 0:02:20]} 50. Qb6 {[%emt 0:03:39]} hxg3 {[%emt 0:03:14]} 51. fxg3 {[%emt 0:00:20]} Nd4 {[%emt 0:03:40]} 52. Ne3 {[%emt 0:00:55]} Kg7 {[%emt 0:05:36]} 53. Qc5 {[%emt 0:01:41]} Ne6 {[%emt 0:02:39]} 54. Nf5+ {[%emt 0:01:50]} Kf7 {[%emt 0:01:52]} 55. Qd6 {[%emt 0:00:40]} Nd4 {[%emt 0:01:43]} 56. Qxd7+ Bxd7 {[%emt 0:00:02]} 57. Ne3 {[%emt 0:08:04]} Bc6 {[%emt 0:02:35]} 58. Kf2 {[%emt 0:00:26]} Nb3 {[%emt 0:00:33]} 59. Nf5 {[%emt 0:01:03]} Ke6 {[%emt 0:00:27]} 60. Ke3 {[%emt 0:01:45]} Na5 {[%emt 0:00:14]} 61. Kd3 {[%emt 0:01:25]} Nc4 {[%emt 0:02:48]} 62. Nd1 {[%emt 0:00:34]} Nb6 {[%emt 0:01:22]} 63. Nc3 {[%emt 0:01:32]} Nd7 {[%emt 0:00:35]} 64. Ng7+ {[%emt 0:00:15]} Kf7 {[%emt 0:01:08]} 65. Nf5 {[%emt 0:00:06]} Nc5+ {[%emt 0:00:22]} 66. Ke3 {[%emt 0:00:17]} Ke6 {[%emt 0:00:12]} 67. Ng7+ {[%emt 0:00:15]} Kf7 {[%emt 0:00:30]} 1/2-1/2

[Event "SAIF POWERTEC 45th BAN Ch 2019"]
[Site "Dhaka"]
[Date "2019.11.05"]
[Round "4.5"]
[White "Rahman, Taibur"]
[Black "Ahmed, Sheikh Nasir"]
[Result "1-0"]
[WhiteElo "2196"]
[BlackElo "2185"]
[Annotator "ChessBase"]
[PlyCount "77"]
[EventDate "2019.11.05"]
[EventCountry "BAN"]
[SourceTitle "playchess.com"]
[Source "ChessBase"]
[SourceQuality "1"]
[TimeControl "40/5400+30:1800+30"]

1. d4 {[%emt 0:00:00]} e6 {[%emt 0:00:00]} 2. c4 {[%emt 0:00:00]} Nf6 {[%emt 0:00:00]} 3. Nc3 {[%emt 0:00:00]} Bb4 {[%emt 0:00:02]} 4. e3 {[%emt 0:00:00]} O-O {[%emt 0:00:30]} 5. Bd3 {[%emt 0:00:02]} c5 {[%emt 0:00:19]} 6. Nf3 {[%emt 0:00:27]} d5 {[%emt 0:00:14]} 7. cxd5 {[%emt 0:00:09]} exd5 {[%emt 0:00:04]} 8. O-O {[%emt 0:01:27]} c4 {[%emt 0:01:15]} 9. Bc2 {[%emt 0:00:04]} Bg4 {[%emt 0:00:36]} 10. Ne2 {[%emt 0:06:53]} Nc6 {[%emt 0:16:28]} 11. Ne5 {[%emt 0:08:22]} Bh5 {[%emt 0:09:38]} 12. f3 {[%emt 0:21:20]} Qe7 13. Ng3 {[%emt 0:17:14]} Bg6 {[%emt 0:12:39]} 14. f4 {[%emt 0:03:58]} Bxc2 {[%emt 0:09:11]} 15. Qxc2 {[%emt 0:00:07]} Rac8 {[%emt 0:00:52]} 16. Rf3 {[%emt 0:03:27]} Qe6 {[%emt 0:13:43]} 17. Qa4 {[%emt 0:14:54]} Be1 {[%emt 0:03:03]} 18. Ne2 {[%emt 0:09:03]} Ne4 {[%emt 0:15:08]} 19. Rf1 {[%emt 0:05:50]} Bh4 {[%emt 0:00:30]} 20. Nc3 {[%emt 0:00:19]} Nxe5 {[%emt 0:07:26]} 21. fxe5 {[%emt 0:01:10]} f6 {[%emt 0:01:53]} 22. Nxe4 {[%emt 0:00:19]} dxe4 {[%emt 0:00:03]} 23. exf6 {[%emt 0:00:25]} Rxf6 {[%emt 0:00:42]} 24. Bd2 {[%emt 0:01:47]} Rg6 {[%emt 0:01:06]} 25. Qc2 {[%emt 0:01:51]} Qg4 {[%emt 0:03:34]} 26. Bb4 {[%emt 0:01:14]} Bg5 {[%emt 0:00:15]} 27. Rae1 {[%emt 0:00:08]} h5 {[%emt 0:00:29]} 28. d5 {[%emt 0:00:39]} b6 {[%emt 0:02:25]} 29. h3 {[%emt 0:00:11]} Qh4 {[%emt 0:00:45]} 30. Kh1 {[%emt 0:00:28]} Be7 {[%emt 0:00:30]} 31. d6 {[%emt 0:03:42]} Bxd6 {[%emt 0:00:13]} 32. Bxd6 {[%emt 0:00:00]} Rxd6 {[%emt 0:00:02]} 33. Re2 {[%emt 0:00:00]} Rd3 {[%emt 0:00:31]} 34. Qa4 {[%emt 0:00:00]} Qe7 {[%emt 0:00:32]} 35. Qb5 {[%emt 0:00:14]} Rc5 {[%emt 0:00:11]} 36. Qb4 {[%emt 0:00:08]} Qg5 {[%emt 0:00:48]} 37. Qa4 {[%emt 0:00:15]} Rxe3 {[%emt 0:01:40]} 38. Qe8+ {[%emt 0:00:46]} Kh7 {[%emt 0:00:02]} 39. Rf8 {[%emt 0:00:42]} 1-0